| 000 | 00889cam a2200277 a 4500 | ||
|---|---|---|---|
| 001 | 3527 | ||
| 005 | 20250624110915.0 | ||
| 020 | _a9780756655228 | ||
| 040 |
_aNz _beng _cNZPPC _dBTCTA _dB@L _dDLC |
||
| 050 | 0 | 0 | _aVM150.B594 |
| 082 | 0 | 4 | _a623.8 |
| 100 | _aGardner, Charlie | ||
| 245 | 0 | 0 |
_aBoat / _cby Charlie Gardner |
| 250 | _aFirst published in the United States in 2009 | ||
| 260 |
_aNew York : _bDK Publishing , _c2009 |
||
| 300 |
_a20 unnumbered pages : _bcolor illustrations ; _c21 cm. |
||
| 490 | _aSee how they go! | ||
| 505 | _aK | ||
| 520 | _aSee How They Go- Boatintroduces kids to all kinds of watercraft, from canoes to cruise ships. | ||
| 521 |
_a510
_bLexile |
||
| 521 |
_aK
_bRaz-Plus |
||
| 650 | 0 |
_aBoats and boating _vJuvenile literature |
|
| 700 | 1 | _aGardner, Charlie | |
| 906 |
_a7 _bcbc _ccopycat _d3 _encip _f20 _gy-gencatlg |
||
| 942 |
_2ddc _cBK _n0 |
||
| 999 |
_c3527 _d3527 |
||